=LDR 00000nam 2200000 4500 =001 NUTBA000000000004417 =005 20140912104836.0 =006 =007 =008 =020 ##$$a0-7089-8098-8 =035 ##$$a 0010-091400000000450 =082 ##$$a823 =100 ##$$aERNEST HEMINGWAY =245 ##$$aFIESTA =260 ##$$a LONDON $b JONATHAN CAPE LTS $c 1983 =850 ##$$aNBPNMAT